"-Stan" Country Capitals - Statistics

General Stats
  • This quiz has been taken 60 times
  • The average score is 6 of 7
Answer Stats
-Stan Capital % Correct
Kazakhstan Astana
97%
Pakistan Islamabad
91%
Afghanistan Kabul
91%
Kyrgyzstan Bishkek
88%
Uzbekistan Tashkent
79%
Turkmenistan Ashgabat
58%
Tajikistan Dushanbe
55%
No matching quizzes found
Score Distribution
Percent of People with Each Score
Percentile by Number Answered
Your Score History
You have not taken this quiz